00688 2200241 4500001002100000005001700021008004100038035002400079040001200103082001100115090001800126100002600144245008700170250001000257260002500267300003100292650002700323850001200350990002100362990002100383990002100404990002100425YOGYA-0209000007104520090227093516.0 ind  0010-020900000071045 aYOPDYOG a297.99 a297.99bIqb K aIQBAL, Muhammad Zafar aKafilah budayabpengaruh Persia terhadap kebudayan IndonesiacMuhammad Zafar Iqbal aCet.1 aJakartabCitrac2006 axiii, 231 hlmbilusc21 cm aSejarah Islam - Persia aYOPDYOG a33516-PD/A.08b1 a33515-PD/A.08b1 a33514-PD/A.08b1 a33513-PD/A.08b1